Normal view
MARC view
Entry Topical Term
001 - CONTROL NUMBER
- control field: 41974
003 - CONTROL NUMBER IDENTIFIER
- control field: BI-BuBU
005 - DATE AND TIME OF LATEST TRANSACTION
- control field: 20110908114301.0
008 - FIXED-LENGTH DATA ELEMENTS
- fixed length control field: 110908|||a|||||| | ||| d
040 ## - CATALOGING SOURCE
- Original cataloging agency: BI-BuBU
- Transcribing agency: BI-BuBU
150 ## - HEADING--TOPICAL TERM
- Topical term or geographic name as entry element: Bourse.Marché Financier.Entreprise.
670 ## - SOURCE DATA FOUND
- Source citation: Work cat.: (BI-BuBU): aut Daigne,Jean-François 41972, Le second marché, 1986
670 ## - SOURCE DATA FOUND
- Source citation: Work cat.: (BI-BuBU): aut Daigne,Jean-François 41972, Le second marché, 1986